A Globe-trotter from Maghrib in al-Maqrīzī's booklet on Ethiopia: a footnote from some Arabic sources (notice n° 1592084)
[ vue normale ]
| 000 -LEADER | |
|---|---|
| fixed length control field | 01138cam a2200169 4500500 |
| 005 - DATE AND TIME OF LATEST TRANSACTION | |
| control field | 20251228065742.0 |
| 041 ## - LANGUAGE CODE | |
| Language code of text/sound track or separate title | fre |
| 042 ## - AUTHENTICATION CODE | |
| Authentication code | dc |
| 100 10 - MAIN ENTRY--PERSONAL NAME | |
| Personal name | Muth, Franz-Christoph |
| Relator term | author |
| 245 00 - TITLE STATEMENT | |
| Title | A Globe-trotter from Maghrib in al-Maqrīzī's booklet on Ethiopia: a footnote from some Arabic sources |
| 260 ## - PUBLICATION, DISTRIBUTION, ETC. | |
| Date of publication, distribution, etc. | 2005.<br/> |
| 500 ## - GENERAL NOTE | |
| General note | 61 |
| 520 ## - SUMMARY, ETC. | |
| Summary, etc. | Résumé Cet article est une notice historique sur l’ouvrage d’al-Maqrīzī concernant les royaumes musulmans d’Éthiopie (1438). Il en examine les éditions et traductions, de même que les sources écrites (où se pose la question du plagiat à l’égard d’auteurs, notamment al-’Umarī) mais aussi orales. |
| 520 ## - SUMMARY, ETC. | |
| Summary, etc. | This article deals with al-Maqrīzī book (1438) on the Ethiopian muslim Kingdoms. It examines the various editions and translations of this text as well as its sources, notably written (which raises the issue of “plagiarism”) but also oral. |
| 786 0# - DATA SOURCE ENTRY | |
| Note | Afrique & histoire | 4 | 2 | 2005-10-01 | p. 123-131 | 1764-1977 |
| 856 41 - ELECTRONIC LOCATION AND ACCESS | |
| Uniform Resource Identifier | <a href="https://shs.cairn.info/revue-afrique-et-histoire-2005-2-page-123?lang=fr&redirect-ssocas=7080">https://shs.cairn.info/revue-afrique-et-histoire-2005-2-page-123?lang=fr&redirect-ssocas=7080</a> |
Pas d'exemplaire disponible.




Réseaux sociaux